Aggression and crime in international relations

Saved in:
Bibliographic Details
Main Author: Page Wilson
Format: Book
Published: 2009
Tags: Add Tag
No Tags, Be the first to tag this record!
Call Number :

MARC

LEADER 00000pam a2200000 4500
001 26914
003 MY-KLNDU
005 20241218082148.0
020 0 0 |a 9780415485241 
035 |a 0000035293 
039 9 |a 200911181205  |b VLOAD  |y 200910091800  |z VLOAD 
100 0 0 |a Page Wilson 
245 0 0 |a Aggression and crime in international relations 
260 0 0 |a 2009 
591 |a 0000005982  |b 19/11/08  |c 0200-07  |d 1  |e RM431.2  |f 1  |g 431.2  |h INTRABAKTI SD.BHD. 
999 |a vtls000036947  |c 26914  |d 26914